Kopyrolýza a kokrakovanie ropných frakcií s polymérnymi odpadmi pri recyklácií

Salvato in:
Dettagli Bibliografici
Autore principale: Mlynková, Božena
Natura: Libro
Lingua:inglese
Pubblicazione: Bratislava STU FCHPT 2008
Accesso online:Visualizza in OPAC
Tags: Aggiungi Tag
Nessun Tag, puoi essere il primo ad aggiungerne!!

MARC

LEADER 00000nam a2200000 a 4500
005 20260127134047.0
008 090918 2009 xo 000 0 eng d
035 |a vtls009951304 
039 9 |y 200909180926  |z mschk03 
040 |a STUSCHK1  |b slo  |c STUSCHK1  |e AACR2 
100 1 |a Mlynková, Božena 
245 1 |a Kopyrolýza a kokrakovanie ropných frakcií s polymérnymi odpadmi pri recyklácií  |c Božena Mlynková 
260 |a Bratislava  |b STU FCHPT  |c 2008 
300 |a 243 s.  |b il.  |c 30 cm + CD-ROM 
500 |a Dizertačná práca 
500 |a Obháj.: 28.5. 2009 
500 |a Fakulta chemickej a potravinárskej technológie, Odd. technológie ropy a petrochémie 
910 |a SCHK95 
999 |c 3174  |d 3174